| 000 | 00480nam a22001697a 4500 | ||
|---|---|---|---|
| 003 | NUST - PNEC | ||
| 005 | 20170116180803.0 | ||
| 008 | 150417b xxu||||| |||| 00| 0 eng d | ||
| 040 | _cLIBRARY | ||
| 082 | _a297.63 ADI | ||
| 100 |
_92726 _aAdil, Mohammad Ilyas |
||
| 245 |
_aNabi Kareem s.a.w. ke ghazwat _cMohammad Ilyas Adil |
||
| 260 |
_aLahore: _bMushtaq Cornor, _cc2012. |
||
| 300 |
_a256 p. : _c22 cm. |
||
| 651 |
_92724 _aIslam , Prophet (BPUH) _xGeneral |
||
| 942 |
_2ddc _cBK |
||
| 999 |
_c63055 _d63055 |
||